书目信息 |
| 题名: |
雅思9天突破9分
|
|
| 作者: | 于会荣 , 李秋 主编/编著 ;刘新月 编著 | |
| 分册: | ||
| 出版信息: | 北京 中国人民大学出版社 2019 |
|
| 页数: | 349页 | |
| 开本: | 26cm | |
| 丛书名: | ||
| 单 册: | ||
| 中图分类: | H310.41 , H319.37 | |
| 科图分类: | ||
| 主题词: | 英语--ying yu--水平考试--自学参考资料 , 英语--ying yu--阅读教学--水平考试--自学参考资料 | |
| 电子资源: | ||
| ISBN: | 978-7-300-26787-6 | |
| 000 | 01425nam0 2200313 450 | |
| 001 | 012001007247 | |
| 005 | 20191023154623.01 | |
| 010 | @a978-7-300-26787-6@dCNY59.80 | |
| 099 | @aCAL 012019060358 | |
| 100 | @a20190417d2019 em y0chiy50 ea | |
| 101 | 0 | @achi |
| 102 | @aCN@b110000 | |
| 105 | @ak z 000yy | |
| 106 | @ar | |
| 200 | 1 | @a雅思9天突破9分@Aya si 9 tian tu po 9 fen@e阅读 (学术类)@f于会荣, 刘新月, 李秋编著 |
| 205 | @a第2版 | |
| 210 | @a北京@c中国人民大学出版社@d2019 | |
| 215 | @a349页@d26cm | |
| 314 | @a书中题:主编于会荣, 李秋 | |
| 330 | @a本书总体分为四大部分,内容提要如下。第一部分 雅思阅读基本功强化训练——真题长难句结构拆解100句:精选真题中的长难句,并运用结构拆法进行快速拆解,帮助考生从根本上提高阅读的速度。第二部分 快速定位答案的方法:包括“主题句扫描法”和“关键词对应法”,教会考生如何快速找到主题句,并根据主题句和关键词进行定位和答题。第三部分 九种题型详解:结合真题详解雅思阅读的九种题型,教会考生在九种题型中掌握 “主题句扫描法”和“关键词对应法”的应用。第四部分 终极挑战——考前实战演习4套真题及精解。 | |
| 606 | 0 | @a英语@Aying yu@x水平考试@j自学参考资料 |
| 606 | 0 | @a英语@Aying yu@x阅读教学@x水平考试@j自学参考资料 |
| 690 | @aH310.41@v5 | |
| 690 | @aH319.37@v5 | |
| 701 | 0 | @a于会荣@Ayu hui rong@4主编/编著 |
| 701 | 0 | @a李秋@Ali qiu@4主编/编著 |
| 702 | 0 | @a刘新月@Aliu xin yue@4编著 |
| 801 | 0 | @aCN@b上海新华@c20191020 |
| 905 | @b1176349-50@dH310.41@e1710=2@f2 | |
| 雅思9天突破9分:阅读 (学术类)/于会荣, 刘新月, 李秋编著.-第2版.-北京:中国人民大学出版社,2019 |
| 349页;26cm |
| ISBN 978-7-300-26787-6:CNY59.80 |
| 本书总体分为四大部分,内容提要如下。第一部分 雅思阅读基本功强化训练——真题长难句结构拆解100句:精选真题中的长难句,并运用结构拆法进行快速拆解,帮助考生从根本上提高阅读的速度。第二部分 快速定位答案的方法:包括“主题句扫描法”和“关键词对应法”,教会考生如何快速找到主题句,并根据主题句和关键词进行定位和答题。第三部分 九种题型详解:结合真题详解雅思阅读的九种题型,教会考生在九种题型中掌握 “主题句扫描法”和“关键词对应法”的应用。第四部分 终极挑战——考前实战演习4套真题及精解。 |
| ● |
| 相关链接 |
|
|
|
|
正题名:雅思9天突破9分
索取号:H310.41/1710=2
 
预约/预借
| 序号 | 登录号 | 条形码 | 馆藏地/架位号 | 状态 | 备注 |
| 1 | 1176349 | 211763493 | 第二样本阅览室/ [索取号:H310.41/1710=2] | 在馆 | |
| 2 | 1176350 | 211763509 | 第四借阅区/ [索取号:H310.41/1710=2] | 在馆 |